| 000 | 00436nam a2200157Ia 4500 | ||
|---|---|---|---|
| 005 | 20250704034705.0 | ||
| 008 | 240331s9999 xx 000 0 und d | ||
| 020 | _a9551188586 | ||
| 082 |
_bKUR _a891 |
||
| 100 | _aKuruppu,R | ||
| 245 | 0 | _aYudhaye Athuru Kathawak | |
| 260 |
_aColombo _bFast Publishing ( Private) Limited |
||
| 300 | _a271 p ., | ||
| 500 | _aTranslation of A strange story of War - The Nazi Officer's Wife | ||
| 942 | _cL | ||
| 999 |
_c5786 _d5786 |
||